000 03126cam a2200625 c 4500
001 1947598554
003 DE-627
005 20260324171717.0
007 cr uuu---uuuuu
008 251226s2021 gw |||||o 00| ||ger c
020 _a9783646720426
_cEPUB
024 7 _aurn:nbn:de:gbv:18-epflicht-303102
_2urn
035 _a(DE-627)1947598554
035 _a(DE-599)KEP122305264
035 _a(EPFHH-CARLSEN)9783646720426_9783646720426
035 _a(EPFHH)37ca86c7-15e4-4582-87a7-6dd3fe96baf4
035 _a(DE-627-1)122305264
040 _aDE-627
_bger
_cDE-627
_erda
041 _ager
_hjpn
044 _cXA-DE-HH
072 7 _a9182
_2wsb
082 0 4 _a741.5
_qDE-576
245 0 0 _aI Didn't Mean to Fall in Love
_bRomantischer Boys-Love-Einzelband ab 18 über ein spätes Coming-Out und große Gefühle - mit exklusiver Bonusseite nur im E-Book
_cMinta Suzumaru, Diana Hesse
250 _a1. Auflage
264 1 _aHamburg
_bHayabusa
_c2021
300 _a1 Online-Ressource (178 S.)
_bIllustrationen
336 _aText
_btxt
_2rdacontent
337 _aComputermedien
_bc
_2rdamedia
338 _aOnline-Ressource
_bcr
_2rdacarrier
520 _aEin erotischer Yaoi über die Magie der Anziehungskraft und die erste Liebe Der erfolgreiche Geschäftsmann Yoshino ist als unnahbarer Schönling verschrien. Doch in Wirklichkeit traut er sich nur nicht, zu seiner Homosexualität zu stehen und sehnt sich nach einer ganz normalen Liebesbeziehung. Mit seinem 30. Geburtstag nimmt er nun all seinen Mut zusammen und beschließt, etwas an seiner Situation zu ändern: Zum ersten Mal in seinem Leben besucht er eine Schwulenbar, um wenigstens erste körperliche Erfahrungen zu machen. Doch er hat nicht damit gerechnet, dass der forsche Student Rou auch sein Herz erobern würde. - Spice-Level: 2 von 5 Chilis. In diesem Boys-Love-Titel stehen die Gefühle im Mittelpunkt. Mit einzelnen expliziten Szenen. - Romantischer Yaoi-Manga ab 18 über Selbstakzeptanz und die erste Liebe - Einzelband Voller Drama und Leidenschaft – ein Muss für alle Fans von romantischen Boys-Love-Mangas
583 1 _aArchivierung/Langzeitarchivierung gewährleistet
_fPEHH
_kDE-576
_2pdager
_5DE-18
650 4 _aspätes coming out buch manga
650 4 _abl manga einzelband
650 4 _ayaoi manga 18
650 4 _aboys love mangas boys liebe
650 4 _aboys love manga ab 18
650 4 _ahayabusa manga ab 18
650 4 _ahayabusa manga für erwachsene
650 4 _amanhwa yaoi
650 4 _agay manga
650 4 _aschwule liebe
650 4 _asmut bücher
650 4 _aschwule liebesromane
650 4 _aerotik manga
650 4 _aromance manga ab 18
650 4 _ahomosexuelle liebesromane
650 4 _ajapanische leserichtung
700 1 _aSuzumaru, Minta
_eVerfasserIn
_4aut
700 1 _aHesse, Diana
_eÜbersetzerIn
_4trl
776 1 _z9783551620460
776 0 8 _iErscheint auch als
_nDruck-Ausgabe
_z9783551620460
856 4 0 _uhttps://nbn-resolving.org/urn:nbn:de:gbv:18-epflicht-303102
_mX:EPF
_zlizenzpflichtig
_71
942 _2ddc
_cMGA
_n0
951 _aBO
999 _c1547
_d1547